MTR港铁车站的英语译名 - Statistics

General Stats
  • This quiz has been taken 39 times
  • The average score is 17 of 27
Answer Stats
站名 英文释义(须区分大小写) % Correct
中环 Central
94%
香港 Hong Kong
94%
机场 Airport
91%
大学 University
88%
香港大学 HKU
76%
九龙 Kowloon
76%
奥运 Olympic
76%
海洋公园 Ocean Park
73%
柯士甸 Austin
70%
佐敦 Jordan
70%
九龙湾 Kowloon Bay
70%
太子 Prince Edward
64%
钻石山 Diamond Hill
61%
坚尼地城 Kennedy Town
61%
欣澳 Sunny Bay
61%
第一城 City One
58%
北角 North Point
58%
金钟 Admiralty
52%
博览馆 AsiaWorld-Expo
52%
铜锣湾 Causeway Bay
45%
迪士尼 Disneyland Resort
45%
会展 Exhibition Centre
45%
铡鱼涌 Quarry Bay
45%
炮台山 Fortress Hill
42%
马场 Racecourse
42%
康城 LOHAS Park
36%
海怡半岛 South Horizons
33%
No matching quizzes found
Score Distribution
Percent of People with Each Score
Percentile by Number Answered
Your Score History
You have not taken this quiz